000 00716nam a2200169Ia 4500
008 151213s9999 xx 000 0 und d
020 _a984-07-3849-6
100 _aপগাপিশরঞ্জণ চক্রবর্তী।
245 _aবাংলা মঙ্গলকাব্যে শ্রমজীবী মানুষ।
_cপগাপিশরঞ্জণ চক্রবর্তী।
250 _a১ম সং
260 _aঢাকা
_bবাংলা একাডেমী।
_c1999
300 _a4432 p.
650 _aBangla
650 _aবাংলা মঙ্গলকাব্য।
700 _aপগাপিশরঞ্জণ চক্রবর্তী।
999 _c2807
_d2807